000 00477nam a2200193Ia 4500
005 20250603145014.0
008 250603s9999 xx 000 0 und d
020 _a0-13-815228-4
050 _aQD 31.3 .F86/
100 _aMcMurry, John
245 0 _aFundamentals of general, organic, and biological chemistry
250 _a6th ed.
260 _aNew Jersey
260 _bPearson Education
260 _c2010
300 _a901 p
650 _aNew Jersey
942 _cBK
999 _c40591
_d40591